The misuse, misrepresentation, and politicization of statistics in American society /

Bibliographic Details
Main Author: Parker, Robert E., 1957- (Author)
Corporate Author: EBSCOhost
Format: eBook
Language:English
Published: Lanham, Maryland : Lexington Books, an imprint of The Rowman & Littlefield Publishing Group, Inc., [2022]
Subjects:
Online Access:Connect to the full text of this electronic book

MARC

Tag First Indicator Second Indicator Subfields
LEADER 00000nam a2200000 i 4500
001 in00004591813
003 OCoLC
005 20220808110859.3
006 m o d
007 cr cnu---unuuu
008 211206s2022 mdu ob 001 0 eng
010 |a  2021057323 
024 8 |a 40031242934 
040 |a DLC  |b eng  |e rda  |c DLC  |d OCLCF  |d OCLCO  |d YDX  |d N$T  |d YDX 
019 |a 1287742995 
020 |a 9781793625533  |q electronic book 
020 |a 1793625530  |q electronic book 
020 |z 9781793625526  |q hardcover 
035 |a (OCoLC)1287751906  |z (OCoLC)1287742995 
042 |a pcc 
043 |a n-us--- 
050 4 |a HA179  |b .P37 2022 
082 0 0 |a 304.60973  |2 23/eng/20211206 
100 1 |a Parker, Robert E.,  |d 1957-  |e author. 
245 1 4 |a The misuse, misrepresentation, and politicization of statistics in American society /  |c Robert E. Parker. 
264 1 |a Lanham, Maryland :  |b Lexington Books, an imprint of The Rowman & Littlefield Publishing Group, Inc.,  |c [2022] 
300 |a 1 online resource ( ix, 135 pages) : 
336 |a text  |b txt  |2 rdacontent 
337 |a computer  |b c  |2 rdamedia 
338 |a online resource  |b cr  |2 rdacarrier 
504 |a Includes bibliographical references and index. 
505 0 |a Introduction. The social significance of official statistics -- The BLS and the underestimation of unemployment -- The CDC and the overestimation of life expectancy -- The FBI and the miscalculation of crime -- The census bureau and the decennial undercount -- Why official statistics matter. 
588 |a Description based on online resource; title from digital title page (viewed on August 08, 2022). 
650 0 |a Statistics  |x Political aspects  |z United States. 
650 0 |a Vital statistics  |z United States. 
650 7 |a Vital statistics.  |2 fast  |0 (OCoLC)fst01168137 
651 7 |a United States.  |2 fast  |0 (OCoLC)fst01204155 
655 7 |a Electronic books.  |2 local 
710 2 |a EBSCOhost 
776 1 8 |i Print version:  |a Parker, Robert E., 1957-  |t Misuse, misrepresentation, and politicization of statistics in American society  |d Lanham : Lexington Books, [2022]  |z 9781793625526  |w (DLC) 2021057322 
856 4 0 |u http://proxy.library.tamu.edu/login?url=https://search.ebscohost.com/login.aspx?direct=true&scope=site&db=nlebk&db=nlabk&AN=3335261  |z Connect to the full text of this electronic book  |t 0 
945 |b 397539 
955 |a YBP purchased approval e-records 
980 |b ebook  |c 40031242934  |f NONFIC/B  |g 565751  |k USD  |m 211.20  |q 1  |s AcqMono Conventional  |t Approval plan  |u Vendor order reference number  |v ZYBP  |y E-approvals  |z Electronic resource 
999 f f |i 084b599c-2df5-4aa5-a917-196cd4457bdd  |s 2e1e4f3b-c5c3-4484-a537-937051f0afab  |t 0 
952 f f |a Texas A&M University  |b College Station  |c Electronic Resources  |s www_evans  |d Available Online  |t 0  |e HA179 .P37 2022  |h Library of Congress classification